• 首页
  • 本馆介绍
  • 公告通知
  • 最新文献
  • 馆藏检索
  • 电子资源
  • 读者导购
  • 参考咨询
  • 我的图书馆
  • 登录
  • 详细信息显示
  • 放入我的书架
  • 预约/预借图书
  • 作者相关作品
  • 分类相关作品
  • 丛书相关作品
  • 出版社相关作品

书目信息

  • 表格格式
  • 工作单格式
  • 卡片格式
题名:
马克思恩格斯列宁斯大林反潮流的光辉事例
    
 
作者: 北京师范大学历史系世界史组 编
分册:  
出版信息: 北京   商务印书馆  1975
页数: 95页
开本: 20cm
丛书名:
单 册:
中图分类: A7
科图分类:
主题词: 马克思--生事迹 , 马克思--传记 , 恩格斯--生平事迹 , 恩格斯--传记 , 列宁--生平事迹 , 列宁--传记 , 毛泽东--生平事迹 , 毛泽东--传记
电子资源:
ISBN:
000 00935nam0 2200289 450
001 0634008468
005 20060817092759.17
010    @dCNY0.19
100    @a20060817d1975 km y0chiy0120 ea
101 0  @achi
102    @aCN@b110000
200 1  @a马克思恩格斯列宁斯大林反潮流的光辉事例@Ama ke si en ge si lie ning si da lin fan chao liu de guang hui shi li@f北京师范大学历史系世界史组编@Fbei jing shi fan da xue li shi xi shi jie shi zu bian
210    @a北京@c商务印书馆@d1975
215    @a95页@d20cm
300    @a历史知识读物
606 0  @a马克思@x生事迹
606 0  @a马克思@x传记
606 0  @a恩格斯@x生平事迹
606 0  @a恩格斯@x传记
606 0  @a列宁@x生平事迹
606 0  @a列宁@x传记
606 0  @a毛泽东@x生平事迹
606 0  @a毛泽东@x传记
690    @aA7@v3
701  0 @a北京师范大学历史系世界史组@Abei jing shi fan da xue li shi xi shi jie shi zu@4编
801  0 @aCN@bPFT@c20060817
905    @a10447@dA7@e150
    
    马克思恩格斯列宁斯大林反潮流的光辉事例/北京师范大学历史系世界史组编.-北京:商务印书馆,1975
    95页;20cm
    历史知识读物
    
    ISBN :CNY0.19
    
●
相关链接 在E读中查询图书 在五车中查询图书 在当当中查询图书 在豆瓣中查询图书


正题名:马克思恩格斯列宁斯大林反潮流的光辉事例     索取号:A7/150         预约/预借

序号 登录号 条形码 馆藏地/架位号 状态 备注
1 0465247   204652474   密集书库/ [索取号:A7/150] 在馆    
唐山师范学院图书馆 欢迎您!
大连网信软件有限公司© 版权所有